000 00589nam a2200241 a 4500
001 nice12345678
003 IN_TiNIC
005 20260116011703.0
008 050524s1974 hyda grp 000 0 urd
020 _a
_c1.25
082 0 0 _a297.64
_bARA
100 _aArabi, Khwaja
245 _aSeerat Khulafa-E-Raashideen
260 _aHyderabad
_bCommercial Book Depot
_c1974
300 _a96p
500 _aincludes index and biblioraphy
505 2 _aIndex
650 _aMuhammad, Prophet-Companions
700 1 _aArabi, Khwaja
902 _bSRS
942 _cBK
999 _c3411
_d3411